Statistiques concernant Les films "Le gendarme" avec Louis de Funès

Cliquez ici pour prendre le quiz!

Statistiques générales

  • Ce quiz a été pris 375 fois
  • Le résultat moyen est 5 sur 6

Statistiques - réponses

FilmRéponse% Correct
1964 - Le Gendarme de ...Saint-Tropez
98%
1968 - Le gendarme se ...marie
92%
1982 - Le Gendarme et les ...Gendarmettes
91%
1965 - Le Gendarme à ...New York
87%
1979 - Le Gendarme et les ...Extra-terrestres
84%
1970 - Le Gendarme en ...balade
73%

Distribution des résultats

Percentile par nombre de réponses

% des personnes avec chaque résultat

Votre développement - résultats

Vous n’avez pas pris ce quiz